000 00578nam a2200229Ia 4500
003 OSt
005 20220924135424.0
006 a|||||r|||| 00| 0
007 ta
008 220923b |||||||| |||| 00| 0 ben d
024 _a291140
037 _cTextual
040 _aARTS
_cARTS
_bben
041 _2ben
_aben
082 _aO152,1N10x1, 157K5
100 _aMahmood Ashraf
_9210304
245 0 _aKutag
260 _c1965
650 _aHINDI LITERATURE
_923866
942 _hO152,1N10x1, 157K5
_cTEXL
_2CC
999 _c440667
_d440667